000 00310nam a22001457a 4500
008 210527b ||||| |||| 00| 0 eng d
020 _a9780471082842
041 _aeng
080 _a159.9
082 _a159.9
100 _a48
101 _aPSI
245 _aScared Child
_cBarbara Brooks
942 _2udc
_cBK
999 _c57753
_d57753